Online Catalogue and eLibrary

Sri Lankawe vishesha neethi (Record no. 5107)

MARC details
000 -LEADER
fixed length control field 00391nam a2200157Ia 4500
005 - DATE AND TIME OF LATEST TRANSACTION
control field 20250624034100.0
008 - FIXED-LENGTH DATA ELEMENTS--GENERAL INFORMATION
fixed length control field 240331s9999 xx 000 0 und d
020 ## - INTERNATIONAL STANDARD BOOK NUMBER
ISBN 9559513622
082 ## - DDC Classification
Item Number - Author Mark DEC
Class No. 340
100 ## - MAIN ENTRY--PERSONAL NAME
Personal name De Costa,J
245 #0 - TITLE STATEMENT
Title Sri Lankawe vishesha neethi
260 ## - PUBLICATION, DISTRIBUTION, ETC.
Place of publication, distribution, etc. Colombo
Name of publisher, distributor, etc. K.D. Premathilaka
Date of publication, distribution, etc. 1992
300 ## - PHYSICAL DESCRIPTION
Extent (e.g. Volumes, Pages etc.) 50 p .,
500 ## - GENERAL NOTE
General note Special Laws of Sri Lanka
942 ## - Koha item type (Biblio)
Koha item type Books in Stacks (Lending)
Holdings
Lost status Damaged status Collection code Home library Current library Shelving location Date acquired Full call number Accession Number Item type
    Lending WERC Library WERC Library Social Science Cupboard 03/31/2024 340 DEC 3772 Books in Stacks (Lending)

© WERC Library